Properties and processing of materials /

Hlavní autor: Bouda, Václav, 1939-
Další autoři: Hampl, Josef, 1938-, Mach, Pavel, 1947-
Jazyk: Angličtina
Vydáno: Praha : České vysoké učení technické, 1995
Vydání: Vyd. 1.
Témata:
Fyzický popis: 1 sv. (různé stránkování) ; 30 cm
Knihy
Uloženo v:
LEADER 01132nam a2200277 a 4500
001 000036077
003 CZ BrMZK
005 20011218155850.0
008 950313s1995 xr f eng d
020 |a 80-01-01393-6 
040 |a BOA001  |b cze 
041 0 |a eng  |g cze 
080 |a 620.22(075.8)  |2 MRF 
100 1 |a Bouda, Václav,  |d 1939-  |7 jn20000400232  |4 aut 
245 1 0 |a Properties and processing of materials /  |c Václav Bouda, Pavel Mach, Josef Hampl 
250 |a Vyd. 1. 
260 |a Praha :  |b České vysoké učení technické,  |c 1995 
300 |a 1 sv. (různé stránkování) ;  |c 30 cm 
500 |a Určeno pro posl. fak. elektrotechn. Čes. vys. učení techn. v Praze. - Bibliogr. 
653 0 |a vlastnosti materiálů  |a zpracování materiálu 
700 1 |a Hampl, Josef,  |d 1938-  |7 ntka172479  |4 aut 
700 1 |a Mach, Pavel,  |d 1947-  |7 ntka173283  |4 aut 
910 |a BOA001  |b TK-A-0257.792 
990 |a BK 
996 7 |b 2620002140  |c TK-A-0257.792  |l MZK  |r Sklad / do 24 hodin  |n 0  |p kup  |w 000036077  |u 000010  |a 1  |e BOA001  |j MZK50  |s A 
996 7 |b 2620002141  |c TK-A-0257.792  |l MZK  |r Sklad / do 24 hodin  |n 1  |p kup  |w 000036077  |u 000020  |a 1  |e BOA001  |j MZK50  |s A